Normal view MARC view
  • Pindal, Kai

Entry Nombre Personal

Number of records used in: 1

001 - NUMERO DE CONTROL

  • campo de control: 58338

003 - IDENTIFICADOR DE NUMERO DE CONTROL

  • campo de control: MX-MxUPN

005 - FECHA Y HORA DE LA ÜLTIMA TRANSACCIÓN

  • campo de control: 20251023100518.0

008 - DATOS DE LONGITUD FIJA

  • campo de control de longitud fija: 251023|| acn||aabn | a|a d

040 ## - FUENTE DE CATALOGACIÓN

  • Agencia original de catalogación: MX-MxUPN

100 ## - ENCABEZAMIENTO - NOMBRE PERSONAL

  • Nombre personal: Pindal, Kai

670 ## - FUENTE EN LA QUE SE LOCALIZARON DATOS

  • Cita de la fuente: Los niños karatecas: lo que necesitamos saber acerca del SIDA
  • Información localizada: Portada: (Ilustrado por Kai Pindal)

902 ## - CATALOGADOR

  • Catalogador: Berenice Martínez/221025